[Event "Landesklasse West 2011/2012"]
[Site "?"]
[Date "2011.11.06"]
[Round "3"]
[White "Biel, Peter"]
[Black "Feigel, Andreas"]
[Result "1/2-1/2"]
[WhiteElo "1672"]
[BlackElo "1753"]
[PlyCount "132"]
[EventDate "2011.??.??"]
[WhiteTeam "SV Breitenworbis"]
[BlackTeam "SV Ammern"]

1. e4 d5 2. exd5 Nf6 3. d4 Nxd5 4. c4 Nf6 5. Nc3 Nc6 6. Nf3 Bg4 7. Be2 e6 8.
Be3 Be7 9. O-O O-O 10. a3 a6 11. Rc1 Rc8 12. Rc2 Nb8 13. Rd2 c6 14. Bf4 Nbd7
15. Ne5 Bxe2 16. Qxe2 Qa5 17. Nxd7 Nxd7 18. d5 cxd5 19. Nxd5 Bxa3 20. Ra1 exd5
21. Rxa3 Qc5 22. Rxd5 Qc6 23. Rd6 Qc7 24. Qg4 f5 25. Qg5 Nc5 26. Rd5 Qf7 27.
Ra5 b6 28. Ra3 Ne4 29. Qh4 Rxc4 30. Rad3 Nc5 31. R3d4 Qe6 32. h3 Rxd4 33. Rxd4
Qe1+ 34. Kh2 Ne4 35. Rd8 Nf6 36. Rxf8+ Kxf8 37. Bd6+ Kf7 38. Qc4+ Qe6 39. Qc7+
Kg6 40. Qxb6 Ne4 41. Bc7 Qxb6 42. Bxb6 Kf7 43. Bd4 g6 44. f3 Nd6 45. Kg3 g5 46.
h4 h6 47. hxg5 hxg5 48. Kf2 Ke6 49. g3 Kd5 50. Be3 g4 51. Bh6 Kc4 52. Bf8 Nb5
53. fxg4 fxg4 54. Ke3 Nc7 55. Ke4 Ne6 56. Ba3 Nc7 57. Kf5 Kd5 58. Kxg4 Ke6 59.
Kg5 Nd5 60. g4 Ne3 61. Bc5 Nc4 62. Bd4 Kd5 63. Bc3 Ne3 64. Kh5 Nxg4 65. Kxg4
Kc4 66. Kf4 Kb3 1/2-1/2

[Event "Landesklasse West 2011/2012"]
[Site "?"]
[Date "2011.11.06"]
[Round "3"]
[White "Hentrich, Jörg"]
[Black "Bötticher, Andreas"]
[Result "1-0"]
[WhiteElo "1816"]
[BlackElo "1530"]
[PlyCount "37"]
[EventDate "2011.??.??"]
[WhiteTeam "SV Ammern"]
[BlackTeam "SV Breitenworbis"]

1. e4 c5 2. d4 cxd4 3. c3 Nc6 4. cxd4 d5 5. e5 e6 6. Nc3 Bb4 7. Qg4 g6 8. Nf3
h5 9. Qg3 Nge7 10. Bd3 Qb6 11. a3 Ba5 12. O-O Nxd4 13. b4 Bxb4 14. axb4 Qxb4
15. Bd2 Nxf3+ 16. Qxf3 Qg4 17. Qf6 Rh7 18. Bg5 Nc6 19. Ra4 1-0

[Event "Landesklasse West 2011/2012"]
[Site "?"]
[Date "2011.11.06"]
[Round "3"]
[White "Hermann, Ingo"]
[Black "Schadeberg, Lukas"]
[Result "1-0"]
[WhiteElo "1852"]
[BlackElo "1564"]
[PlyCount "49"]
[EventDate "2011.??.??"]
[WhiteTeam "SV Breitenworbis"]
[BlackTeam "SV Ammern"]

1. e4 e5 2. Nf3 Nc6 3. Nc3 Bc5 4. Nxe5 Bxf2+ 5. Kxf2 Nxe5 6. d4 Qf6+ 7. Kg1 Ng4
8. Qd2 Ne7 9. h3 Nh6 10. Be2 O-O 11. Kh2 d6 12. Rf1 Qg6 13. Qg5 Nc6 14. Qxg6
hxg6 15. Nb5 Rb8 16. c3 Re8 17. Nxc7 Rxe4 18. Bf3 Re7 19. Nd5 Re8 20. Bxh6 gxh6
21. Nf6+ Kf8 22. Nxe8 Kxe8 23. Rae1+ Kf8 24. Bd5 Nd8 25. Rf6 1-0

[Event "Landesklasse West 2011/2012"]
[Site "?"]
[Date "2011.11.06"]
[Round "3"]
[White "Kachel, Alfred"]
[Black "August, Daniel"]
[Result "1-0"]
[WhiteElo "1965"]
[BlackElo "1804"]
[PlyCount "155"]
[EventDate "2011.??.??"]
[WhiteTeam "Schachclub Rochade Leinefelde"]
[BlackTeam "TSG Ruhla"]

1. d4 Nf6 2. c4 g6 3. Nc3 Bg7 4. e4 d6 5. h3 O-O 6. Bg5 h6 7. Be3 e5 8. d5 a5
9. Nf3 Na6 10. Be2 Nc5 11. Nd2 Nh7 12. Nb3 Nxb3 13. Qxb3 f5 14. f3 f4 15. Bf2
b6 16. O-O-O Nf6 17. Bd3 Nh5 18. Ne2 Qg5 19. Rhg1 Ng3 20. Kb1 h5 21. Nxg3 fxg3
22. Be1 h4 23. Bc2 Bh6 24. Bd2 Qh5 25. Qc3 Bxd2 26. Qxd2 Bd7 27. Rgf1 g5 28.
Qe3 Kg7 29. Rfe1 Kh6 30. Rd3 Rfb8 31. Ra3 Qe8 32. Ka1 a4 33. b4 axb3 34. Qxb3
Rxa3 35. Qxa3 Ra8 36. Qc3 Ra5 37. Bb3 Qa8 38. Kb2 Qa6 39. Rc1 Rc5 40. Qb4 Qa5
41. Qxa5 Rxa5 42. Bd1 Kg7 43. Be2 Kf8 44. a3 Ke7 45. Kb3 Kd8 46. Ra1 Ra4 47.
Rc1 Kc8 48. Ra1 Kb7 49. Bd3 Ra5 50. a4 Ra8 51. Bc2 Rf8 52. Kb4 Ra8 53. Kb3 Ra5
54. Kb4 Kc8 55. Kb3 Kd8 56. Kb4 Ke7 57. Bd3 Ra8 58. Bc2 Rf8 59. Rh1 Kf6 60. Kc3
Kg6 61. Bd1 Ra8 62. Kb4 Kh5 63. f4+ Kg6 64. f5+ Kf6 65. Rf1 Be8 66. Re1 Bd7 67.
Re3 Rh8 68. Ra3 Ra8 69. Be2 Ra5 70. Bd1 Kg7 71. Be2 Kf7 72. Bh5+ Kf6 73. Be2
Ra8 74. Bd3 g4 75. hxg4 Kg5 76. Be2 Kf4 77. Rf3+ Kxe4 78. Kc3 1-0

[Event "Landesklasse West 2011/2012"]
[Site "?"]
[Date "2011.11.06"]
[Round "3"]
[White "Fink, Klaus"]
[Black "Pfitzenreuter, Gerald"]
[Result "1/2-1/2"]
[WhiteElo "1961"]
[BlackElo "1939"]
[PlyCount "68"]
[EventDate "2011.??.??"]
[WhiteTeam "TSG Ruhla"]
[BlackTeam "Schachclub Rochade Leinefelde"]

1. e4 c5 2. Nf3 d6 3. d4 cxd4 4. Nxd4 Nf6 5. Nc3 g6 6. Be2 Bg7 7. O-O O-O 8.
Be3 Nc6 9. h3 d5 10. exd5 Nb4 11. Qd2 Nbxd5 12. Nxd5 Nxd5 13. Bh6 Qb6 14. Bxg7
Kxg7 15. c4 Nf6 16. Qc3 Re8 17. c5 Qc7 18. Bf3 Bd7 19. Qb4 e5 20. Nb5 Bxb5 21.
Qxb5 Rac8 22. Rac1 e4 23. Be2 Red8 24. Rfd1 Qc6 25. Qxc6 Rxd1+ 26. Rxd1 Rxc6
27. b4 Kf8 28. Bb5 Rc7 29. g4 g5 30. Rd4 Ke7 31. h4 h6 32. hxg5 hxg5 33. Kg2
Ke6 34. Kg3 Ke5 1/2-1/2

[Event "Landesklasse West 2011/2012"]
[Site "?"]
[Date "2011.11.06"]
[Round "3"]
[White "Ziegenfuß, Holger"]
[Black "Kirsch, Uwe"]
[Result "1-0"]
[WhiteElo "1910"]
[BlackElo "1863"]
[PlyCount "115"]
[EventDate "2011.??.??"]
[WhiteTeam "Schachclub Rochade Leinefelde"]
[BlackTeam "TSG Ruhla"]

1. e4 c6 2. d4 d5 3. exd5 cxd5 4. Bd3 Nf6 5. h3 e6 6. Bf4 Qb6 7. Ne2 Bd7 8. Nd2
Bb5 9. Bxb5+ Qxb5 10. c3 Be7 11. O-O O-O 12. Rb1 Nbd7 13. Ng3 Rac8 14. Nf3 Rfd8
15. Re1 Qa6 16. Ra1 Bd6 17. Ne5 Qb6 18. Qe2 Re8 19. h4 Qc7 20. Bg5 h6 21. Bd2
Nf8 22. Qf3 Bxe5 23. dxe5 N6d7 24. Qh5 Ng6 25. f4 Qc4 26. Ne2 Nc5 27. Nd4 Ne4
28. Be3 a6 29. Qg4 Ne7 30. Rad1 Qxa2 31. Bc1 Qc4 32. Rf1 Nc6 33. f5 Nxe5 34.
Qh3 Qc5 35. f6 Nxf6 36. Bxh6 Nfg4 37. Bf4 f6 38. Qg3 Qb6 39. Bc1 Kf7 40. Rde1
f5 41. Rxe5 Nxe5 42. Qxe5 Qc7 43. Qe2 Qe7 44. Nf3 Kg8 45. Bg5 Qc7 46. Re1 b5
47. Bd2 Qg3 48. Be3 Rc4 49. Bd4 e5 50. Nxe5 Qxh4 51. Qd2 Rcc8 52. Bf2 Qd8 53.
Qf4 Qf6 54. Bd4 Re6 55. Rf1 Rce8 56. Nd3 Qd8 57. Qxf5 Qd6 58. Qf7+ 1-0

[Event "Landesklasse West 2011/2012"]
[Site "?"]
[Date "2011.11.06"]
[Round "3"]
[White "Thrän, Uwe"]
[Black "Frank, Thomas"]
[Result "1/2-1/2"]
[WhiteElo "1800"]
[BlackElo "1891"]
[PlyCount "87"]
[EventDate "2011.??.??"]
[WhiteTeam "TSG Ruhla"]
[BlackTeam "Schachclub Rochade Leinefelde"]

1. d4 Nf6 2. c4 g6 3. Nc3 Bg7 4. e4 d6 5. f3 O-O 6. Be3 c5 7. dxc5 dxc5 8. Qxd8
Rxd8 9. Bxc5 Nc6 10. Nge2 Nd7 11. Be3 Nde5 12. Nf4 Nb4 13. Rd1 Nc2+ 14. Kf2 Bd7
15. Be2 Nxe3 16. Kxe3 Bh6 17. g3 Rac8 18. Kf2 Nxc4 19. Bxc4 Rxc4 20. Rd3 Kf8
21. Rhd1 Ke8 22. Nfd5 f5 23. e5 Rcc8 24. e6 Bxe6 25. Nc7+ Rxc7 26. Rxd8+ Kf7
27. f4 Bg7 28. R8d3 a6 29. R1d2 h6 30. Nd5 Rc5 31. b3 Rc6 32. Ne3 Bf6 33. Rc2
Rb6 34. Nc4 Rb5 35. Ne3 g5 36. Kf3 gxf4 37. gxf4 h5 38. Rd1 Bg7 39. Rdc1 Bh6
40. Rc5 Rb4 41. Nc4 b5 42. Ne5+ Kf6 43. Nd3 Rd4 44. Ke3 1/2-1/2

[Event "Landesklasse West 2011/2012"]
[Site "?"]
[Date "2011.11.06"]
[Round "3"]
[White "Dittrich, Frank"]
[Black "Schliepat, Reinhold"]
[Result "0-1"]
[WhiteElo "1784"]
[BlackElo "1851"]
[PlyCount "140"]
[EventDate "2011.??.??"]
[WhiteTeam "Schachclub Rochade Leinefelde"]
[BlackTeam "TSG Ruhla"]

1. e4 d6 2. d4 Nf6 3. Nc3 c6 4. Nf3 Bg4 5. Be2 e6 6. O-O Be7 7. h3 Bh5 8. Be3
d5 9. exd5 cxd5 10. Ne5 Bxe2 11. Nxe2 Nc6 12. Nxc6 bxc6 13. c3 O-O 14. Nf4 Qc7
15. Nd3 Bd6 16. Qc2 Ne4 17. c4 Rac8 18. c5 Be7 19. f3 Nf6 20. b4 Nd7 21. Bf4
Qb7 22. a3 Bf6 23. Qc3 Rfe8 24. Rfe1 g5 25. Bg3 Bd8 26. Reb1 a6 27. Re1 Bc7 28.
Bxc7 Qxc7 29. Qd2 f6 30. Re2 Nf8 31. Rae1 Qg7 32. Qc2 h5 33. Nf2 Qh7 34. Qxh7+
Kxh7 35. Nd3 Kg6 36. Kf2 h4 37. f4 Kf5 38. fxg5 Kxg5 39. g4 Rc7 40. Kf3 Rce7
41. a4 Ng6 42. Kg2 e5 43. Rf2 Nf4+ 44. Nxf4 exf4 45. Rxe7 Rxe7 46. b5 axb5 47.
axb5 cxb5 48. Rb2 f5 49. gxf5 Kxf5 50. Rxb5 Ke4 51. Rb4 Rg7+ 52. Kf2 Rg3 53. c6
Rc3 54. Rb6 Kxd4 55. c7 Rxc7 56. Rh6 Ke4 57. Rxh4 Rc2+ 58. Kf1 d4 59. Rh8 d3
60. Ke1 Rh2 61. h4 d2+ 62. Kd1 f3 63. Re8+ Kf4 64. h5 f2 65. Rf8+ Kg5 66. h6
Kxh6 67. Kc2 Kg5 68. Rf7 Kg4 69. Rf8 Kg3 70. Rf7 Rg2 0-1

[Event "Landesklasse West 2011/2012"]
[Site "?"]
[Date "2011.11.06"]
[Round "3"]
[White "Büchel, Bernd"]
[Black "Seeboth, Paul"]
[Result "0-1"]
[WhiteElo "1801"]
[BlackElo "1780"]
[PlyCount "46"]
[EventDate "2011.??.??"]
[WhiteTeam "TSG Ruhla"]
[BlackTeam "Schachclub Rochade Leinefelde"]

1. Nf3 d5 2. g3 c5 3. Bg2 Nc6 4. d4 e6 5. O-O Nf6 6. c4 dxc4 7. Qa4 Bd7 8. Qxc4
b5 9. Qxb5 Nxd4 10. Qd3 Bb5 11. Qd2 Nxe2+ 12. Kh1 Qb6 13. Re1 Rd8 14. Qc2 Bd3
15. Qa4+ Bb5 16. Qc2 Qa6 17. Ne5 Bd6 18. a4 Nd4 19. axb5 Qxa1 20. Qd3 Bxe5 21.
Rxe5 Ng4 22. Re2 O-O 23. Rd2 c4 0-1

[Event "Landesklasse West 2011/2012"]
[Site "?"]
[Date "2011.11.06"]
[Round "3"]
[White "Müller, Sebastian"]
[Black "Hagen, Matthias"]
[Result "1-0"]
[WhiteElo "1786"]
[BlackElo "1638"]
[PlyCount "79"]
[EventDate "2011.??.??"]
[WhiteTeam "Schachclub Rochade Leinefelde"]
[BlackTeam "TSG Ruhla"]

1. e4 d6 2. d4 Nf6 3. Nc3 c6 4. f4 Qa5 5. Bd3 e5 6. Nf3 Bg4 7. dxe5 dxe5 8.
fxe5 Bxf3 9. Qxf3 Qxe5 10. Bf4 Qh5 11. e5 Qxf3 12. gxf3 Nh5 13. Bd2 g6 14. f4
Nd7 15. O-O-O Nc5 16. Be2 Ng7 17. b4 Nce6 18. Ne4 O-O-O 19. c3 Be7 20. Rhf1 Kb8
21. Ng3 Rhf8 22. f5 gxf5 23. Nxf5 Nxf5 24. Rxf5 Ng7 25. Rf3 Ne6 26. Rg1 f6 27.
Bh6 Rf7 28. Bc4 Ng5 29. Bxg5 Rg7 30. exf6 Bxf6 31. Rxf6 Ka8 32. h4 b5 33. Bb3
Rd3 34. Rd1 Rxc3+ 35. Kb2 Rg3 36. Rd8+ Kb7 37. Rf7+ Rxf7 38. Bxf7 Kc7 39. Bf4+
Kxd8 40. Bxg3 1-0

[Event "Landesklasse West 2011/2012"]
[Site "?"]
[Date "2011.11.06"]
[Round "3"]
[White "Voß, Ewald"]
[Black "Petiko, Jakob"]
[Result "1/2-1/2"]
[WhiteElo "1648"]
[BlackElo "1929"]
[PlyCount "45"]
[EventDate "2011.??.??"]
[WhiteTeam "TSG Ruhla"]
[BlackTeam "Schachclub Rochade Leinefelde"]

1. Nf3 Nf6 2. g3 d6 3. Bg2 Nbd7 4. d3 e5 5. c4 c6 6. O-O Be7 7. Nc3 O-O 8. Ne1
Rb8 9. Kh1 Qc7 10. Bd2 b5 11. cxb5 cxb5 12. Rc1 Qd8 13. b4 Bb7 14. e4 a6 15. a3
Nb6 16. f4 exf4 17. Bxf4 Nfd7 18. Nf3 Rc8 19. Qb3 g5 20. Be3 Ne5 21. Bxb6 Qxb6
22. Nxe5 dxe5 23. Nd5 1/2-1/2

[Event "Landesklasse West 2011/2012"]
[Site "?"]
[Date "2011.12.04"]
[Round "4"]
[White "Bötticher, Heinz-Wilfried"]
[Black "Lehmann, Peter"]
[Result "1/2-1/2"]
[WhiteElo "1810"]
[BlackElo "1908"]
[PlyCount "79"]
[EventDate "2011.??.??"]
[WhiteTeam "SV Breitenworbis"]
[BlackTeam "ESV Lok Meiningen"]

1. d4 Nf6 2. c4 d5 3. Nc3 e6 4. Bg5 Be7 5. cxd5 exd5 6. e3 O-O 7. Bd3 c6 8. Qc2
g6 9. Nf3 Re8 10. O-O Kg7 11. Ne5 Ng4 12. Bxe7 Rxe7 13. Nf3 Nh6 14. b4 Bf5 15.
Rfc1 Na6 16. Rab1 Rc8 17. a4 Rec7 18. Ne5 Qe7 19. Bxf5 Nxf5 20. Nd3 b6 21. a5
Nd6 22. axb6 axb6 23. Qa2 Ra7 24. Qb3 b5 25. Ra1 Rca8 26. Ra2 Nc4 27. Rca1 f6
28. Ne2 Nb8 29. Nc5 Kf7 30. Nf4 g5 31. Ne2 h5 32. Ng3 h4 33. Ne2 Qc7 34. Qc2
Rxa2 35. Qh7+ Ke8 36. Qg8+ Ke7 37. Qg7+ Ke8 38. Qg8+ Ke7 39. Qg7+ Ke8 40. Qg8+
1/2-1/2

[Event "Landesklasse West 2011/2012"]
[Site "?"]
[Date "2011.12.04"]
[Round "4"]
[White "Hocke, Sebastian"]
[Black "Gast, Rainer"]
[Result "1/2-1/2"]
[WhiteElo "1883"]
[BlackElo "1950"]
[PlyCount "30"]
[EventDate "2011.??.??"]
[WhiteTeam "ESV Lok Meiningen"]
[BlackTeam "SV Breitenworbis"]

1. e4 c6 2. d4 d5 3. Nc3 dxe4 4. Nxe4 Nd7 5. Nf3 Ngf6 6. Nxf6+ Nxf6 7. Bc4 e6
8. O-O Qc7 9. Re1 Be7 10. Bg5 O-O 11. Qe2 b6 12. Rad1 Nd5 13. Qe4 h6 14. Bxe7
Nxe7 15. Bd3 g6 1/2-1/2

[Event "Landesklasse West 2011/2012"]
[Site "?"]
[Date "2011.12.04"]
[Round "4"]
[White "Leibeling, Lucian"]
[Black "Grube, Jan"]
[Result "0-1"]
[WhiteElo "1832"]
[BlackElo "1784"]
[PlyCount "84"]
[EventDate "2011.??.??"]
[WhiteTeam "SV Breitenworbis"]
[BlackTeam "ESV Lok Meiningen"]

1. c4 c5 2. Nc3 Nc6 3. d3 g6 4. e4 Bg7 5. g3 d6 6. Bg2 Nd4 7. f3 e6 8. Nge2 Ne7
9. O-O O-O 10. f4 Nec6 11. h3 f5 12. Kh2 Rb8 13. Rb1 b5 14. cxb5 Nxb5 15. Nxb5
Rxb5 16. exf5 Ne7 17. fxg6 hxg6 18. b3 Nf5 19. Qc2 Qd7 20. Nc3 Nd4 21. Qd2 Rb4
22. Bb2 Nf5 23. Ne4 Nd4 24. Bc3 Rb5 25. Ng5 d5 26. Rbe1 Rb6 27. Bxd4 Bxd4 28.
Nf3 Bf6 29. Ne5 Qg7 30. Qe2 Ba6 31. Rf3 Bb7 32. Qd1 d4 33. Rff1 g5 34. Bxb7
Rxb7 35. Qg4 gxf4 36. Qxe6+ Kh8 37. gxf4 Re7 38. Qg4 Bxe5 39. Qh5+ Kg8 40. Rxe5
Rxe5 41. Qf3 Re3 42. Qd5+ Kh8 0-1

[Event "Landesklasse West 2011/2012"]
[Site "?"]
[Date "2011.12.04"]
[Round "4"]
[White "Von Otte, Wilhelm"]
[Black "Eipel, Andreas"]
[Result "1-0"]
[WhiteElo "1849"]
[BlackElo "1725"]
[PlyCount "63"]
[EventDate "2011.??.??"]
[WhiteTeam "ESV Lok Meiningen"]
[BlackTeam "SV Breitenworbis"]

1. e4 e5 2. Nf3 Nc6 3. Bb5 d6 4. c3 a6 5. Ba4 b5 6. Bb3 Bg4 7. a4 Nf6 8. d3 Be7
9. Nbd2 O-O 10. O-O Na7 11. h3 Be6 12. Bxe6 fxe6 13. Qb3 Qd7 14. axb5 axb5 15.
Nh2 Nh5 16. Ndf3 c5 17. Bg5 h6 18. Be3 Rab8 19. Ng4 Nc6 20. Ra6 b4 21. Rxc6
Qxc6 22. Qxe6+ Rf7 23. Ngxe5 Qe8 24. Nxf7 Qxf7 25. Qxf7+ Kxf7 26. e5 g5 27. Ra1
bxc3 28. bxc3 Rb3 29. Ra6 Ke6 30. Bxc5 Rxc3 31. d4 Nf4 32. Bxd6 1-0

[Event "Landesklasse West 2011/2012"]
[Site "?"]
[Date "2011.12.04"]
[Round "4"]
[White "Biel, Peter"]
[Black "Jörges, Frank"]
[Result "1/2-1/2"]
[WhiteElo "1672"]
[BlackElo "1824"]
[PlyCount "95"]
[EventDate "2011.??.??"]
[WhiteTeam "SV Breitenworbis"]
[BlackTeam "ESV Lok Meiningen"]

1. e4 d5 2. Nc3 dxe4 3. Nxe4 Bf5 4. Ng3 Bg6 5. Nf3 Nd7 6. d4 e6 7. Bd3 Ngf6 8.
O-O Be7 9. c3 c6 10. Qc2 Qc7 11. Nh4 Bxd3 12. Qxd3 O-O 13. Ne4 Nxe4 14. Qxe4
Nf6 15. Qe2 Rad8 16. f4 Nd5 17. Qg4 c5 18. dxc5 Qxc5+ 19. Kh1 Bxh4 20. Qxh4 Qc4
21. Qf2 Rd6 22. Bd2 Nf6 23. Be3 Ng4 24. Qe1 Nxe3 25. Qxe3 b6 26. h3 Rd3 27. Qe1
Qd5 28. Kh2 Rd8 29. Rf2 g6 30. Re2 Rd2 31. Qf2 Rxe2 32. Qxe2 Qd2 33. Qxd2 Rxd2
34. Rb1 h6 35. a4 Kg7 36. Kg3 Kf6 37. Kf3 Ke7 38. a5 bxa5 39. Ra1 Rxb2 40. Rxa5
Rb7 41. Ra6 Rc7 42. Ra3 Kd6 43. g4 Kc5 44. Ke4 Kd6 45. Ra6+ Ke7 46. Ke5 f6+ 47.
Kd4 g5 48. f5 1/2-1/2

[Event "Landesklasse West 2011/2012"]
[Site "?"]
[Date "2011.12.04"]
[Round "4"]
[White "Weiß, Daniel"]
[Black "Bötticher, Andreas"]
[Result "1-0"]
[WhiteElo "1783"]
[BlackElo "1530"]
[PlyCount "97"]
[EventDate "2011.??.??"]
[WhiteTeam "ESV Lok Meiningen"]
[BlackTeam "SV Breitenworbis"]

1. e4 c5 2. d4 cxd4 3. c3 d5 4. exd5 Qxd5 5. Nf3 Bg4 6. Be2 Nc6 7. cxd4 e6 8.
O-O Nf6 9. Nc3 Qd8 10. Bb5 Rc8 11. Be3 Be7 12. h3 Bh5 13. Qe2 O-O 14. Rfd1 Nd5
15. Nxd5 Qxd5 16. g4 Bg6 17. Bc4 Qa5 18. d5 exd5 19. Rxd5 Qc7 20. Rc1 a6 21.
Bb3 Bf6 22. g5 Be7 23. Qc4 Rfd8 24. Qg4 Rxd5 25. Bxd5 Rd8 26. Qc4 Rc8 27. Nd4
Qe5 28. Bxc6 bxc6 29. Nxc6 Rxc6 30. Qxc6 f6 31. Qb7 Be4 32. Qd7 Kf7 33. gxf6
Qxf6 34. Rc8 Qg6+ 35. Qg4 Bf5 36. Qxg6+ Kxg6 37. Rc6+ Bf6 38. Bd4 Bd3 39. Bxf6
gxf6 40. Kh2 h6 41. Kg3 h5 42. a4 Kf5 43. b4 Kg6 44. a5 Be2 45. Rb6 Kg5 46. h4+
Kf5 47. b5 Bxb5 48. Rxb5+ axb5 49. a6 1-0

[Event "Landesklasse West 2011/2012"]
[Site "?"]
[Date "2011.12.04"]
[Round "4"]
[White "Hermann, Ingo"]
[Black "Scheftlein, Richard"]
[Result "1/2-1/2"]
[WhiteElo "1852"]
[BlackElo "1703"]
[PlyCount "158"]
[EventDate "2011.??.??"]
[WhiteTeam "SV Breitenworbis"]
[BlackTeam "ESV Lok Meiningen"]

1. e4 c6 2. d4 d5 3. Nc3 dxe4 4. Nxe4 Nd7 5. Nf3 Ngf6 6. Ng3 e6 7. Bd3 Bd6 8.
O-O O-O 9. Re1 Qc7 10. c4 b6 11. b3 Bb7 12. Bb2 Rfe8 13. Ne5 c5 14. Nxd7 Nxd7
15. Qh5 Nf6 16. Qh4 cxd4 17. Bxd4 e5 18. Bb2 e4 19. Nxe4 Nxe4 20. Bxe4 Bxe4 21.
Rxe4 Bxh2+ 22. Kh1 Bd6 23. Rae1 Rxe4 24. Qxe4 Rd8 25. g3 Bf8 26. Re2 Qd7 27.
Kg2 h5 28. Bc3 Qd3 29. Qe5 Qg6 30. Qc7 Rd3 31. Re8 f5 32. Qe7 Qf7 33. Bb4 Qxe7
34. Bxe7 Kf7 35. Rxf8+ Kxe7 36. Rxf5 Rd2 37. a3 Ra2 38. a4 Rb2 39. Rb5 g6 40.
a5 bxa5 41. Rxa5 Rxb3 42. Rxa7+ Ke6 43. Ra6+ Kf5 44. Rc6 Rc3 45. c5 g5 46. Rc8
Ke6 47. c6 g4 48. Rh8 Rxc6 49. Rh6+ Kd7 50. Rxh5 Rg6 51. Rf5 Ke7 52. Rf4 Ke6
53. f3 gxf3+ 54. Kxf3 Ke5 55. Rf8 Ke6 56. Ra8 Kf7 57. Ra7+ Kg8 58. g4 Rg5 59.
Kf4 Rg6 60. Kf5 Rb6 61. Re7 Rb5+ 62. Kg6 Rb6+ 63. Kh5 Rb5+ 64. Kh4 Rb6 65. Kh5
Rb5+ 66. g5 Rb6 67. Rc7 Ra6 68. Rc5 Kg7 69. Rc1 Rb6 70. Rc4 Ra6 71. Rf4 Rb6 72.
Re4 Ra6 73. Re7+ Kg8 74. Rb7 Rc6 75. g6 Rc1 76. Rf7 Rh1+ 77. Kg5 Rg1+ 78. Kf6
Rf1+ 79. Ke7 Re1+ 1/2-1/2

[Event "Landesklasse West 2011/2012"]
[Site "?"]
[Date "2011.12.04"]
[Round "4"]
[White "Webel, Jannik"]
[Black "Hermann, Frank"]
[Result "1/2-1/2"]
[WhiteElo "1725"]
[BlackElo "1547"]
[PlyCount "64"]
[EventDate "2011.??.??"]
[WhiteTeam "ESV Lok Meiningen"]
[BlackTeam "SV Breitenworbis"]

1. d4 Nf6 2. c4 e6 3. Nc3 Bb4 4. Bg5 b6 5. e3 Bb7 6. Nge2 h6 7. Bh4 O-O 8. a3
Bxc3+ 9. Nxc3 d6 10. Qc2 c5 11. O-O-O cxd4 12. exd4 Nc6 13. Rg1 Rc8 14. g4 g5
15. Bg3 Nxg4 16. Be2 Nf6 17. h4 Nh7 18. hxg5 hxg5 19. Bd3 f5 20. Be2 Qf6 21.
Qd3 d5 22. cxd5 exd5 23. Kb1 Rcd8 24. f4 g4 25. Rh1 Rd7 26. Rh2 Ne7 27. Bxg4
Ng6 28. Bf3 Rff7 29. Rdh1 Nhf8 30. Qd2 Ne6 31. Rd1 Rh7 32. Rxh7 Kxh7 1/2-1/2

[Event "Landesklasse West 2011/2012"]
[Site "?"]
[Date "2011.12.04"]
[Round "4"]
[White "August, Daniel"]
[Black "Mehlhorn, Uwe"]
[Result "0-1"]
[WhiteElo "1804"]
[BlackElo "2053"]
[PlyCount "150"]
[EventDate "2011.??.??"]
[WhiteTeam "TSG Ruhla"]
[BlackTeam "Ilmenauer SV"]

1. Nf3 b5 2. g3 Nf6 3. Bg2 Bb7 4. O-O e6 5. d3 d5 6. Nbd2 c5 7. Re1 Be7 8. e4
Nc6 9. e5 Nd7 10. Nf1 Qc7 11. Bf4 h6 12. h4 O-O-O 13. Ne3 d4 14. Ng4 Nb6 15.
Nd2 g5 16. Nxh6 gxf4 17. Nxf7 fxg3 18. fxg3 Rhg8 19. Nxd8 Bxd8 20. Qf3 Nd5 21.
Bh3 Qd7 22. Kh2 Ne3 23. Rxe3 dxe3 24. Qxe3 Bb6 25. Qf4 Nd4 26. Ne4 Bxe4 27.
Qxe4 Qb7 28. Qxb7+ Kxb7 29. Bg2+ Kc7 30. c3 Nc6 31. Re1 Kd7 32. Kh3 Bc7 33.
Bxc6+ Kxc6 34. g4 Kd5 35. g5 Bxe5 36. Kg4 Rf8 37. g6 Bg7 38. Re2 Rf1 39. Rg2 e5
40. Kg5 Ke6 41. h5 Rf5+ 42. Kh4 Kf6 43. b3 Rf4+ 44. Kh3 Rf1 45. Kg4 Bh6 46. a4
bxa4 47. bxa4 Rf4+ 48. Kh3 Rxa4 49. Rf2+ Bf4 50. Rg2 Kg7 51. Rb2 Kf6 52. Rg2
Ra1 53. Kg4 Bh6 54. Rf2+ Ke6 55. Rf7 Rg1+ 56. Kh4 c4 57. dxc4 e4 58. Rxa7 e3
59. Ra8 Kd7 60. Ra2 Kc6 61. g7 Bxg7 62. Ra6+ Kc5 63. Re6 Re1 64. Kg3 Bxc3 65.
Kf3 Bd4 66. h6 Rf1+ 67. Ke2 Rf2+ 68. Kd3 Rd2+ 69. Ke4 Rh2 70. Kd3 Rd2+ 71. Ke4
Kxc4 72. h7 Rh2 73. Re7 Rh3 74. Rc7+ Bc5 75. Kf4 e2 0-1

[Event "Landesklasse West 2011/2012"]
[Site "?"]
[Date "2011.12.04"]
[Round "4"]
[White "Töpfer, Albrecht"]
[Black "Fink, Klaus"]
[Result "1/2-1/2"]
[WhiteElo "1851"]
[BlackElo "1961"]
[PlyCount "125"]
[EventDate "2011.??.??"]
[WhiteTeam "Ilmenauer SV"]
[BlackTeam "TSG Ruhla"]

1. c4 f5 2. g3 Nf6 3. Bg2 e5 4. Nc3 Be7 5. d3 O-O 6. e4 fxe4 7. Nxe4 c6 8. Ne2
Nxe4 9. dxe4 Bc5 10. O-O Qb6 11. Qe1 a5 12. Nc3 a4 13. Nd1 d6 14. Be3 Na6 15.
Bxc5 Nxc5 16. Qd2 Rf6 17. Ne3 Bd7 18. Rab1 Raf8 19. b4 axb3 20. axb3 Qc7 21. b4
Ne6 22. Nc2 Be8 23. Bh3 Nd8 24. Ne3 h5 25. Rbd1 Bg6 26. Bf5 Bf7 27. Qe2 g6 28.
Bh3 Be6 29. Bg2 Kg7 30. Qd2 Bc8 31. f4 Nf7 32. f5 gxf5 33. exf5 Qb6 34. Kh1 Qd8
35. Qe2 Rh8 36. b5 Bd7 37. Be4 Ng5 38. Ng2 Qb6 39. bxc6 bxc6 40. Nh4 Nxe4 41.
Qxe4 c5 42. Kg1 Bc6 43. Qe3 Qb2 44. Rd2 Qb4 45. Rxd6 Rxd6 46. Qxe5+ Rf6 47.
Qe7+ Rf7 48. f6+ Kg8 49. Qd8+ Kh7 50. Qd3+ Kg8 51. Rb1 Qa4 52. Qd8+ Kh7 53.
Qd3+ Kg8 54. Qg6+ Kf8 55. Qf5 Rh6 56. Rb8+ Be8 57. Qxc5+ Kg8 58. Qg5+ Kh7 59.
Qf5+ Kh8 60. Qe5 Qd1+ 61. Kg2 Qd2+ 62. Kh3 Qd7+ 63. Kg2 1/2-1/2

[Event "Landesklasse West 2011/2012"]
[Site "?"]
[Date "2011.12.04"]
[Round "4"]
[White "Kirsch, Uwe"]
[Black "Ortlepp, Steffen"]
[Result "1-0"]
[WhiteElo "1863"]
[BlackElo "1826"]
[PlyCount "49"]
[EventDate "2011.??.??"]
[WhiteTeam "TSG Ruhla"]
[BlackTeam "Ilmenauer SV"]

1. d4 Nf6 2. Nf3 g6 3. g3 Bg7 4. Bg2 d5 5. O-O O-O 6. e3 c5 7. c3 c4 8. b3 b5
9. a4 Qb6 10. axb5 Qxb5 11. bxc4 Qxc4 12. Ne5 Qc7 13. c4 Bb7 14. Qb3 Nbd7 15.
Nxd7 Qxd7 16. c5 Rfb8 17. Qc2 Qc6 18. Re1 Nd7 19. Bb2 Ba6 20. Bxd5 Qxd5 21.
Rxa6 Nxc5 22. Ra5 Qb3 23. Rxc5 Qxb2 24. Rc8+ Bf8 25. Qxb2 1-0

[Event "Landesklasse West 2011/2012"]
[Site "?"]
[Date "2011.12.04"]
[Round "4"]
[White "Sukaylo, Aleksey"]
[Black "Thrän, Uwe"]
[Result "1-0"]
[WhiteElo "1914"]
[BlackElo "1800"]
[PlyCount "35"]
[EventDate "2011.??.??"]
[WhiteTeam "Ilmenauer SV"]
[BlackTeam "TSG Ruhla"]

1. e4 e6 2. d4 d5 3. Nc3 Bb4 4. e5 c5 5. a3 Bxc3+ 6. bxc3 Ne7 7. Bd3 O-O 8. Bg5
Qc7 9. Qh5 Ng6 10. Nf3 f5 11. exf6 gxf6 12. Bh6 Rf7 13. Bxg6 hxg6 14. Qxg6+ Kh8
15. Bf4 Qxf4 16. Qxf7 Qe4+ 17. Kd1 Nd7 18. Re1 1-0

[Event "Landesklasse West 2011/2012"]
[Site "?"]
[Date "2011.12.04"]
[Round "4"]
[White "Schliepat, Reinhold"]
[Black "Leuner, Klaus"]
[Result "1/2-1/2"]
[WhiteElo "1851"]
[BlackElo "1860"]
[PlyCount "40"]
[EventDate "2011.??.??"]
[WhiteTeam "TSG Ruhla"]
[BlackTeam "Ilmenauer SV"]

1. Nf3 d5 2. d3 Nf6 3. Nbd2 Bf5 4. g3 c5 5. Bg2 Nc6 6. c3 Qd7 7. h3 h6 8. Qa4
e5 9. e4 Be6 10. g4 O-O-O 11. a3 dxe4 12. dxe4 Bd6 13. b4 Kb8 14. Bf1 Qc7 15.
Bb5 Ne7 16. Rb1 Bd7 17. O-O Bc6 18. Bxc6 Qxc6 19. Qxc6 Nxc6 20. Re1 cxb4
1/2-1/2